000 00569nam a2200229Ia 4500
003 OSt
005 20220928111321.0
006 a|||||r|||| 00| 0
007 ta
008 220927b |||||||| |||| 00| 0 eng d
024 _a49007
037 _cTextual
040 _aSDCL
_cSDCL
_beng
041 _2eng
_aeng
082 _aO152,1N3x, N1
100 _aMahehwar
_9423157
245 0 _aShuruat.
260 _aDelhi
_bApritam Prakashan
_c1991
300 _a72p.
_ccm.
942 _hO152,1N3x, N1
_cTEXL
_2CC
999 _c739657
_d739657